Archaeoastronomy : Introduction to the Science of Stars and Stones /
Contenido: Parte I Métodos: 1) Astronomía con el ojo desnudo; 2) Adquisición de datos; 3) Análisis de datos; Parte II Ideas: 4) Astronomía y arquitectura en las raíces de la civilización; 5) Astronomía, poder y paisajes de poder; 6) Los fundamentos científicos de la arqueoastronomía; Parte III Lugar...
محفوظ في:
| المؤلف الرئيسي: | |
|---|---|
| التنسيق: | غير معروف |
| اللغة: | الإنجليزية |
| منشور في: |
Cham, Suiza :
Springer,
2016, c2016
|
| الموضوعات: | |
| الوصول للمادة أونلاين: | Ver documento en línea |
| الوسوم: |
لا توجد وسوم, كن أول من يضع وسما على هذه التسجيلة!
|
MARC
| LEADER | 00000c**#a2200000ua#4500 | ||
|---|---|---|---|
| 001 | 000407636 | ||
| 005 | 20251023000000.0 | ||
| 009 | 20260310121932.834 | ||
| 020 | |a 978-3-319-22882-2 | ||
| 037 | |a Acervo ITESO - Biblioteca | ||
| 041 | |a ING | ||
| 082 | |a 520. |b MAG | ||
| 100 | |a Magli, Giulio |e (autor) | ||
| 245 | 1 | 0 | |a Archaeoastronomy : |b Introduction to the Science of Stars and Stones / |c Giulio Magli. |
| 264 | 4 | |a Cham, Suiza : |b Springer, |c 2016, c2016 | |
| 300 | |a 1 libro electrónico en línea (XIII, 246 p.) | ||
| 300 | |a 1 recurso en línea | ||
| 336 | |a datos para computadora |b cod |2 rdacontenido | ||
| 337 | |a computadora |b c |2 rdamedio | ||
| 338 | |a recurso en línea |b cr |2 rdasoporte | ||
| 520 | |a Contenido: Parte I Métodos: 1) Astronomía con el ojo desnudo; 2) Adquisición de datos; 3) Análisis de datos; Parte II Ideas: 4) Astronomía y arquitectura en las raíces de la civilización; 5) Astronomía, poder y paisajes de poder; 6) Los fundamentos científicos de la arqueoastronomía; Parte III Lugares: 7) Culturas megalíticas del mediterráneo; 8) Antiguo Egipto; 9) Culturas precolombinas; 10) El mundo clásico. | ||
| 649 | |a XX | ||
| 650 | |a Edad de Piedra | ||
| 650 | |a Civilización - |z América - |x Historia - |y Epoca Prehispánica | ||
| 650 | |a Civilización - |z Egipto - |x Historia Antigua | ||
| 650 | |a Civilización - |z Europa - |x Historia | ||
| 650 | |a Arquitectura Prehistórica | ||
| 650 | |a Astronomía Megalítica | ||
| 650 | |a Arqueoastronomía - |x Tema Principal | ||
| 650 | |a Astronomía | ||
| 856 | 4 | 0 | |u https://link-springer-com.ezproxy.iteso.mx/content/pdf/10.1007%2F978-3-319-22882-2.pdf |y Ver documento en línea |
| 910 | |a Fondo General | ||
| 920 | |a Electrónicos - Libros en Línea | ||
| 930 | |a Plataforma Digital | ||
| 905 | |a 205 | ||
| 901 | |a 407636-1 |b IT2 |c EBO |u 20250521 | ||
| 902 | |a https://opac.biblio.iteso.mx/vufind/Record/000407636 | ||